000 00891nas a2200253 i 4500
001 2511
003 ES-MaACL
005 20250807062542.0
007 t|
008 170426d18861892sp f| | 1 ||pa d
022 _a0213-9960
080 _a61
245 0 0 _aAnuario de medicina y cirugía : revista semestral dedicada al examen retrospectivo de todos los descubrimientos... /
_ctomado del Retrospect Medicine por Enrique Camps y Cazorla.
260 _aMadrid :
_bCarlos Bailly-Bailliere,
_c1886-1892.
300 _a1 v.il. ;
_c17 cm.
310 _aSemestral
362 0 _a2. serie, t. 1 (en./jun. 1885)-2. serie, t. 14 (jul./dic. 1891)
650 1 7 _aMedicina
_2embne
_914891
700 1 _aCamps y Rocha, Enrique.
_9126304
780 0 0 _tAnuario de medicina y cirugía prácticas
852 _aES-MaACL
_jB-11687
_z.- Legado de Saenz Diez
866 0 _o1885.
999 _c2511
_d2511